000 00312nam a2200133Ia 4500
008 190216s9999||||xx |||||||||||||| ||und||
100 _aGuthikonda V Rao
245 0 _aMicroprocessors And Microcomputer Systems
250 _a2nd Ed.
260 _bNull
_c1984
300 _a581
650 _aComputer
942 _cBK
999 _c8343
_d8343